| 000 | 00531nam a2200193Ia 4500 | ||
|---|---|---|---|
| 008 | 101110s9999 xx 000 0 und d | ||
| 041 | _aENGLISH | ||
| 082 |
_bSR9851 _a539.7 |
||
| 100 | _aSemat & Albright | ||
| 245 | _aIntroduction to atomic & Nuclear Physics 5th ed. | ||
| 365 | _b84 | ||
| 520 | _aPhysics | ||
| 546 | _aENGLISH | ||
| 630 | _aIntroduction to atomic & Nuclear Physics 5th ed. | ||
| 650 | _aPhysics | ||
| 655 | _aPhysics | ||
| 730 | _aIntroduction to atomic & Nuclear Physics 5th ed. | ||
| 942 | _cBOOK | ||
| 999 |
_c804883 _d804880 |
||